Caricamento...
The pronunciation of english
| Autore principale: | |
|---|---|
| Natura: | Printed Book |
| Lingua: | English |
| Pubblicazione: |
New Delhi :
Atlantic ,
c1989.
|
| LEADER | 00461nam a22001337a 4500 | ||
|---|---|---|---|
| 008 | 161226b xxu||||| |||| 00| 0 eng d | ||
| 020 | |a 9781405127158 | ||
| 100 | |a Kreidler, Charles W. | ||
| 245 | |a The pronunciation of english | ||
| 260 | |a New Delhi : |b Atlantic , |c c1989. | ||
| 300 | |b 308p. | ||
| 942 | |c BK | ||
| 999 | |c 195057 |d 195057 | ||
| 952 | |0 0 |1 0 |4 0 |6 421_500000000000000_KRE_P |7 0 |9 215453 |a ENG |b ENG |c ST1 |d 2016-12-26 |i 16567 |l 0 |o 421.5 KRE/P |p ENG16567 |r 2016-12-26 |w 2018-08-21 |y BK | ||